Top 50 GDP's - Statistics

General Stats
  • This quiz has been taken 343 times
  • The average score is 46 of 50
Answer Stats
GDP (Million of US $) Country % Correct
1 16,244,600 United States of America
100%
7 2,254,109 Brazil
99%
2 8,358,400 China
99%
5 2,611,221 France
99%
4 3,425,956 Germany
99%
6 2,417,600 United Kingdom
99%
3 5,960,180 Japan
98%
14 1,183,655 Mexico
98%
8 2,029,812 Russia
98%
9 2,013,392 Italy
97%
29 384,3133 South Africa
97%
12 1,564,419 Australia
96%
11 1,821,445 Canada
96%
38 254,671 Egypt
96%
10 1,875,213 India
96%
23 499,667 Norway
96%
24 489,852 Poland
96%
15 1,129,598 South Korea
96%
13 1,322,126 Spain
96%
22 523,804 Sweden
96%
26 477,028 Argentina
95%
41 247,389 Finland
95%
16 878,043 Indonesia
94%
40 248,941 Greece
93%
18 770,067 Netherlands
93%
44 212,139 Portugal
93%
19 711,050 Saudi Arabia
93%
27 394,458 Austria
92%
21 551,588 Iran
92%
28 385,694 Thailand
92%
36 268,314 Chile
91%
43 215,117 Pakistan
91%
17 788,299 Turkey
91%
25 483,402 Belgium
90%
20 631,183 Switzerland
90%
32 369,813 Colombia
89%
33 314,889 Denmark
89%
37 262,545 Nigeria
88%
47 204,681 Peru
88%
45 210,638 Ireland
87%
35 276,520 Singapore
87%
30 383,799 United Arab Emirates
86%
42 241,069 Israel
85%
31 382,424 Venezuela
84%
34 304,726 Malaysia
80%
46 207,021 Algeria
77%
50 192,402 Qatar
76%
39 250,182 Philippines
75%
49 196,446 Czech Republic
71%
48 202,656 Kazakhstan
69%
No matching quizzes found
Score Distribution
Percent of People with Each Score
Percentile by Number Answered
Your Score History
You have not taken this quiz